Normal view
MARC view
- Michael J.Moran
Entry Personal Name
001 - CONTROL NUMBER
- control field: 121598
003 - CONTROL NUMBER IDENTIFIER
- control field: NUST
005 - DATE AND TIME OF LATEST TRANSACTION
- control field: 20240228122253.0
008 - FIXED-LENGTH DATA ELEMENTS
- fixed length control field: 240228|| aca||aabn | a|a d
040 ## - CATALOGING SOURCE
- Original cataloging agency: NUST
- Transcribing agency: NUST
100 ## - HEADING--PERSONAL NAME
- Personal name: Michael J.Moran
670 ## - SOURCE DATA FOUND
- Source citation: Work cat.: (NUST): Michael J.Moran, Principles of engineering thermodynamics, 2017
